[Event "MK Cafe Cup-A"]
[Site "Koszalin"]
[Date "1999.08.07"]
[Round "5"]
[White "Sutovsky, Emil"]
[Black "Blehm, Pawel"]
[Result "1-0"]
[WhiteElo "2587"]
[BlackElo "2479"]
[Annotator "Tsesarsky,I"]
[PlyCount "70"]
[EventDate "1999.08.03"]
[EventType "swiss"]
[EventRounds "9"]
[EventCountry "POL"]
[SourceTitle "CBM 073"]
[Source "ChessBase"]
[SourceDate "1999.12.01"]
[SourceVersion "1"]
[SourceVersionDate "1999.12.01"]
[SourceQuality "1"]

{[%mdl 128]} 1. e4 c5 2. Nc3 Nc6 3. Nf3 d6 4. d4 cxd4 5. Nxd4 Nf6 6. Bg5 e6 7.
Qd2 a6 8. O-O-O Be7 9. f4 Nxd4 10. Qxd4 b5 11. Bxf6 gxf6 12. Be2 (12. f5 Qa5 (
12... Qc7 13. Be2 Qc5 14. fxe6 fxe6 15. Qxc5 dxc5 16. Bh5+ Kf8 17. e5 f5 18. g4
Ra7 {'!' Tiviakov.} 19. gxf5 exf5 20. Nd5 Kg7 {'!' Tiviakov.} 21. Nxe7 Rxe7 22.
Rd6 Rf8 23. Rg1+ Kh8 24. Rf6 Rd8 25. Rd1 Rxd1+ (25... Rg8 $2 26. Bf7 Rf8 27.
Bh5 Rg8 28. Bf7 Rf8 29. Be6 Ree8 (29... Rxf6 $2 30. Rd8+ {1-0 Dolmatov,
S-Iskusnyh,S/St Petersburg RUS 1998 (30)}) 30. Bxc8 Rxc8 31. Rxa6 $16) 26. Kxd1
Be6 $11) 13. Kb1 Bb7 (13... b4 14. Ne2 e5 15. Qe3 (15. Qd2 $5 {/\Ng3, Bc4}) (
15. Qd3 $5 {/\Nc1}) 15... Bb7 16. Nc1 $1 $14 (16. Ng3 d5 $1 $132 {1/2-1/2
Khalifman,Alexander-Hracek,Zbygnev/Yerevan 1996 (25)})) 14. Bd3 b4 15. Ne2 e5
16. Qf2 (16. Qe3 $5 d5 $132) 16... Qc5 $1 (16... d5 17. exd5 Bxd5 18. Nc1 $14)
17. Rhf1 (17. Qxc5 dxc5 $15 {^^}) 17... Qxf2 18. Rxf2 Bd8 (18... h5 $5) 19. Ng3
Bb6 20. Re2 {[/\21.Bc4]} Rc8 $11 {1/2-1/2 Tiviakov,S-Gelfand,B/Elista 1998/CBM
65/[Tiviakov] (20)}) 12... Qc7 13. Bf3 (13. f5 Qc5 14. fxe6 fxe6 15. Qxc5 dxc5
16. Bh5+ Kf8 17. e5 {See also previous variations.} (17. Rhf1 $5 Ra7 (17... Kg7
18. Rd3 Rd8 19. Rfd1 Rxd3 20. Rxd3 Rb8 $132 {1/2-1/2 Horvath,A-Blehm,P/Oropesa
del Mar ESP 1998 (79)}) 18. e5 f5 19. g4 Kg7 (19... Rd7 $2 20. Rde1 $16 {
1-0 Lugovoi,Aleksei-Huzman,Alexander/Beer-Sheva (8) 1998 (23)}) 20. Rd3 c4 $132
{Tseitlin,Mark D-Epishin,Vladimir/St. Petersburg (7) 1997/1/2-1/2 (66)}) (17.
e5 f5 18. g4 Ra7 (18... f4 19. a4 (19. Rhf1 Kg7 20. Ne2 Rf8 21. Rf3 Bb7 22.
Rfd3 Bd5 $132) (19. h4 Kg7 20. Ne4 Rf8 21. g5 Rf5 22. Rhf1 (22. Nd6 Rxe5 23.
Nxc8 Rxc8 24. Rd7 Kf8 25. Rf1 Rd8 26. Rxf4+ Rf5 $11) 22... Rxe5 23. Rxf4 Rf5
24. Rff1 $14) 19... Kg7 20. Rhf1 Rf8 21. Kb1 b4 22. Ne4 Ra7 $132 {1/2-1/2
Vuckovic,B-Miranovic,R/Vrnjacka Banja YUG 1999 (55)}) 19. gxf5 exf5 20. Nd5 Kg7
$11 (20... Bg5+ 21. Kb1 Be6 22. Rhg1 Rg8 23. Nf4 Bxf4 24. Rd8+ Ke7 25. Rdxg8
Bxg8 26. Rg7+ Ke6 27. Rxa7 Kxe5 28. h3 h6 29. Rxa6 $16 {1/2-1/2 Short,
N-Yermolinsky,A/Wijk aan Zee 1997 (80)}))) (13. Bh5 Qc5 14. Qxc5 dxc5 15. f5 {
[#]} b4 (15... exf5 $5 16. Nd5 Ra7 17. exf5 Bxf5 18. Rhe1 Kf8 19. Nxe7 Rxe7 20.
Rd8+ Kg7 21. Rxe7 Rxd8 22. Rxf7+ $16) 16. Ne2 (16. Na4 Rb8 17. Rhf1 Rg8 $11)
16... e5 (16... exf5 17. Bf3 $1 $44) 17. Ng3 c4 $1 $132 {1/2-1/2 Lautier,
J-Pelletier,Y/Biel 1997/CBM 60/ (41)}) 13... Bb7 14. f5 (14. Kb1 Qc5 (14... Rc8
15. f5 Qc5 16. Qd2 Qe5 17. Rhe1 Rc4 18. Re3 Qxh2 19. b3 Rc5 20. Ne2 Bc8 (20...
Qe5 $44) 21. Nc1 Qh6 $15 (21... exf5 $2 22. Nd3 Re5 23. Nxe5 fxe5 24. exf5 $16
{1-0 Gershon,A-Vuckovic,B/Yerevan ARM 1999 (37)})) 15. Qd2 O-O-O 16. Rhe1 Kb8 (
16... h5 17. Re3 Kb8 18. h3 (18. Ne2 d5 19. exd5 (19. Rc3 Qb6 20. exd5 Bxd5 $11
) 19... Bxd5 20. Bxd5 Rxd5 21. Rd3 Rxd3 22. cxd3 $11 (22. Qxd3 Rd8 $17)) 18...
b4 19. Na4 Qb5 20. b3 d5 $132 {1/2-1/2 Galkin,A-Blehm,P/Yerevan ARM 1999 (22)})
17. a3 h5 18. Re3 Rc8 $6 {[%csl Rd5]} (18... h4 19. Ne2 d5 $11) 19. Ne2 $1 {
Black can't play d6-d5.} h4 20. Nd4 Qb6 21. Nb3 $14 {1-0 Brodsky,M-Poluljahov,
A/MK Cafe, Koszalin POL 1997 (44)}) 14... h5 (14... Rc8 15. fxe6 fxe6 16. Bg4
Kf7 17. Bh5+ Kg7 18. e5 Rhd8 19. Qg4+ Kh8 20. exd6 Rxd6 21. Rxd6 Bxd6 22. Qxe6
Be5 23. Rd1 Bxc3 24. bxc3 Qxc3 25. Qf5 Qa1+ 26. Kd2 Rd8+ $15 {1/2-1/2 Garcia,
G-Smirin,I/New York 1997/EXP 57 (73)}) 15. Kb1 Rc8 $6 $16 {Black lost 0-0-0
possibility...} (15... Qc5 16. Qd2 O-O-O 17. a3 Kb8 18. Qe2 h4 19. Rhe1 Qe5
$132 {1/2-1/2 Leko,P-Kramnik,V/Frankfurt rapid 1996 (36)}) 16. Qd2 Qc4 (16...
h4 17. Ne2 $16) 17. Rhe1 Rc7 (17... b4 18. Ne2 h4 19. fxe6 fxe6 20. Nf4 $16)
18. Re3 (18. Ne2 h4 19. Nf4 $1 (19. Nd4 e5 20. Nb3 $14) 19... Bc8 (19... e5 20.
Nd5 (20. Re3 Qxc2+ (20... Bc6 21. Rc3 Qa4 22. Nd5 Bxd5 23. exd5 Rxc3 24. Qxc3
Qc4 25. Qa3 Qc8 26. Rd3 Rg8 (26... Qxf5 27. Qxa6 O-O 28. Rd1 e4 29. Be2 $16)
27. h3 (27. Rc3 Qb7 28. Rc6 h3 29. g3 Qa7 $132) 27... Qxf5 28. Qxa6 $16) 21.
Qxc2 Rxc2 22. Kxc2 exf4 23. Rc3 $18) 20... Bxd5 21. exd5 $16 {[%csl Re8]}) 20.
fxe6 fxe6 21. Bh5+ $18) 18... Kd7 $5 (18... b4 19. Ne2 $16 {[%csl Rd5,Re6]
[%cal Ge2f4]} (19. g3 h4 (19... bxc3 20. Rxc3 $16) 20. Ne2 hxg3 $132)) 19. Rd3
(19. Ne2 $16) 19... Qc5 (19... Kc8 20. Ne2 Qc5 21. Nf4 $18 {[%csl Re6]}) 20.
Qe2 $2 $132 (20. Ne2 $1 Qe5 21. Nf4 Rhc8 22. c3 (22. fxe6+ fxe6 23. Ng6 Qc5 (
23... Qxh2 24. Nxe7 (24. e5 d5 25. Nxe7 Kxe7 26. exf6+ Kxf6 27. Qh6+ Ke7 28.
Re1 $16) 24... Kxe7 25. Rxd6 Bd5 26. Rxa6 $16) 24. c3 $16) 22... b4 23. fxe6+
fxe6 24. Ng6 Qxh2 25. cxb4 $16) 20... h4 $5 (20... b4 21. e5 $5 (21. Na4 Qa5
22. b3 Bc6 23. Nb2 Bb5 24. Nc4 Bxc4 25. bxc4 $132) (21. Bxh5 bxc3 22. Rxc3 Qe5
23. Rxc7+ Kxc7 24. Qc4+ Kb8 25. Bxf7 Qxe4 $17) 21... bxc3 (21... Bxf3 22. fxe6+
(22. gxf3 bxc3 (22... Qxe5 23. fxe6+ fxe6 24. Re3 Qf5 25. Nd5 Rc6 (25... exd5
26. Rxe7+ Kd8 27. Re1 $16) 26. Nxb4 Rb6 27. Rd5 (27. Nd5 $5 Rc6) 27... Qh7 (
27... exd5 28. Rxe7+ Kc8 29. Nxa6 $16) 28. Rd4 Rhb8 29. Nd3 (29. a3 d5 $17)
29... d5 30. f4 Ba3 31. b3 Qf5 32. Rg3 Bd6 33. c4 $14) 23. exd6 Rb7 (23... Bxd6
24. Rxd6+ Qxd6 (24... Ke7 25. Rxe6+ $1 $18) 25. Rxd6+ Kxd6 26. Qxa6+ $16) 24.
fxe6+ fxe6 25. dxe7+ Kxe7 26. b3 $16) 22... fxe6 23. gxf3 Qxe5 (23... bxc3 24.
exd6 $16) 24. Re3 Qf5 25. Nd5 $14) 22. fxe6+ fxe6 23. exd6 $16) 21. Bh5 {
[%csl Re6,Rf7]} b4 $2 $16 (21... Ke8 $1 22. a3 $132 (22. fxe6 $2 {[%csl Rh5]
[%cal Gh8h5,Gc5h5]})) (21... Rf8 22. fxe6+ fxe6 23. Bg4 Qe5 24. Nd5 Bxd5 25.
Rxd5 Qxh2 26. e5 $1 (26. Bxe6+ Kxe6 27. Qg4+ Kf7 28. Qh5+ Kg7 29. Qg4+ Kf7 $11)
26... fxe5 27. Rxe5 Rf1 $1 28. Bxe6+ Kd8 29. Rxf1 Qxe5 30. Qg4 $14) 22. Na4 Qb5
(22... Qc6 23. Bxf7 Qxa4 24. Bxe6+ $16) 23. Bxf7 $1 Qxa4 24. Bxe6+ Ke8 (24...
Kd8 25. e5 fxe5 26. f6 Bf8 27. Rxd6+ Bxd6 28. Rxd6+ Ke8 29. Bf5 $1 $18 (29. Qd3
$5 Qxc2+ 30. Qxc2 Rxc2 31. Kxc2 $18)) 25. e5 $1 {Open position of K} dxe5 (
25... fxe5 26. f6 e4 27. Rd4 Bxf6 28. Rxd6 Be7 29. Bb3 Qb5 30. Qg4 Bxd6 31.
Qg6+ Kd8 32. Qf6+ Re7 33. Rxd6+ Kc8 34. Qxh8+ Re8 35. Qf6 $16) {[%tqu "En","?",
"","","d1d2","",10,"e2d2","",0]} 26. R1d2 $1 {[%csl Yc2]} (26. Qd2 Qxc2+ 27.
Qxc2 Rxc2 28. Kxc2 Be4 $14) 26... Bc8 (26... Bc6 27. Qd1 Kf8 28. Rd8+ Be8 29.
Rb8 Qc6 30. Qg4 Rb7 31. Rc8 Qb5 32. Bc4 $18) 27. Qd1 (27. Qg4 $2 Kf8 28. g3 $5
(28. Rd8+ Bxd8 29. Rxd8+ Ke7 30. Qg7+ Kxd8 31. Qxh8+ Qe8 32. Qxf6+ Re7 $19) (
28. Qg6 Qe8 $19) 28... Qe8 29. gxh4 Qh5 $17) 27... Bxe6 28. Rd8+ $1 Bxd8 29.
Rxd8+ Kf7 30. fxe6+ Kxe6 31. Rxh8 (31. Qd6+ Kf5 32. Qxc7 Rxd8 33. Qxd8 Qc6 34.
Qd2 $11) 31... Rg7 (31... b3 32. axb3 Qe4 33. Rd8 $16) 32. Qf3 Qd7 (32... b3
33. axb3 Qd4 34. Qc6+ Kf5 35. Rh5+ (35. Qf3+ Ke6) 35... Kg6 36. Qe8+ Rf7 37.
Rh7 $18) 33. Rf8 (33. Rh6 Qd8 34. Qb3+ Kd7 (34... Ke7 35. Qxb4+ $18) 35. Qxb4
$16) 33... Rg6 $2 $18 (33... Qe7 34. Qh3+ (34. Qb3+ Kf5 35. Qh3+ (35. Qf3+ Kg5
36. Qe3+ Kh5 37. Qf3+ (37. Rh8+ Rh7 $11) 37... Kg5 $11) 35... Kg5 36. Rh8 Rh7
37. Qe3+ Kh5 38. g4+ hxg3 39. Rxh7+ Qxh7 40. Qf3+ $11) 34... Kd5 35. Rh8 $16 {
[%csl Rd5,Rh4]}) 34. Qh3+ Kd6 35. Qxh4 Rxg2 (35... Rxg2 36. Qxb4+ $18) 1-0

[Event "MK Cafe Cup-A"]
[Site "Koszalin"]
[Date "1999.08.04"]
[Round "2"]
[White "Dworakowska, Joanna"]
[Black "Mainka, Romuald"]
[Result "1/2-1/2"]
[WhiteElo "2306"]
[BlackElo "2476"]
[Annotator "Tsesarsky,I"]
[PlyCount "159"]
[EventDate "1999.08.03"]
[EventType "swiss"]
[EventRounds "9"]
[EventCountry "POL"]
[SourceTitle "CBM 073"]
[Source "ChessBase"]
[SourceDate "1999.12.01"]
[SourceVersion "1"]
[SourceVersionDate "1999.12.01"]
[SourceQuality "1"]

1. e4 c5 2. Nf3 Nc6 3. d4 cxd4 4. Nxd4 Nf6 5. Nc3 d6 6. Bg5 e6 7. Qd2 a6 8.
O-O-O h6 9. Be3 Bd7 10. f3 b5 11. Kb1 (11. g4) (11. Nxc6) 11... Ne5 12. Bd3 (
12. g4 b4 13. Nce2 Nc4 14. Qc1 d5 15. Ng3 Nxe3 16. Qxe3 dxe4 17. Nxe4 Nd5 18.
Qe1 Qb6 19. Bc4 O-O-O 20. Bxd5 exd5 21. Ng3 $14 {[%csl Rc8] 1-0 Malisauskas,
V-Greenfeld,A/Oslo 1992 (38)}) (12. a3 Qc7 13. g4 Rb8 14. h4 g6 (14... Qb7 15.
Be2 Nc4 16. Bxc4 bxc4 17. Qc1 e5 18. Nf5 d5 19. Nxd5 Nxd5 20. Rxd5 Bxa3 21.
Rxe5+ Kd8 22. Bd4 Bxb2 23. Bxb2 Qc7 24. Re7 (24. Rd5 $2 c3 25. Rhd1 Rxb2+ 26.
Ka1 Kc8 (26... Ra2+ 27. Kxa2 Qc4+ 28. Ka1 Qa4+ 29. Kb1 Qb4+ 30. Ka2 Qc4+ $11)
27. Nd6+ Kb8 28. R1d3 Be6 29. Rxc3 Qxc3 30. Qxb2+ Qxb2+ 31. Kxb2 Bxd5 32. exd5
Rd8 $17) 24... c3 25. Rd1 Rxb2+ 26. Qxb2 cxb2 27. Rxf7 Kc8 28. Rdxd7 Qxd7 29.
Rxd7 Kxd7 30. Kxb2 g6 31. Nd4 {1/2-1/2 Shamkovich,L-Speelman,J/Hastings 1977 
(31)}) 15. Be2 Nc4 16. Bxc4 Qxc4 17. g5 hxg5 18. hxg5 Rxh1 19. Rxh1 Nh5 20. b3
Qc7 21. Nde2 $132 {1-0 Belotti,B-Garbett,P/Novi Sad olm ITA-NZD 1990 (33)})
12... Qc7 (12... b4 13. Nce2 d5 14. exd5 Nxd5 15. Nf4 Nxe3 16. Qxe3 Bd6 17.
Nfxe6 Bxe6 18. Nxe6 fxe6 19. f4 Nxd3 20. Rxd3 Qe7 21. Qb6 Rd8 22. Rhd1 $44 {
1/2-1/2 Shabalov,A-Ashley,M/New York 1997/EXP 57 (41)}) 13. g4 (13. Rhe1 Nc4 (
13... b4 14. Nce2 d5 15. exd5 Nxd5 16. Nf4 Nxe3 17. Qxe3 Bd6 (17... Nxd3 18.
Nxd3 $132) 18. Nfxe6 (18. Qe4 Rd8 19. Nh5 Nxd3 20. Nxg7+ Kf8 21. Ngxe6+ Bxe6
22. Nxe6+ fxe6 23. Rxd3 Rc8 24. Re2 $132 {0-1 Rodriguez Lopez,R-Grabics,M/FSIM
March, Budapest HUN 1998 (43)}) (18. Nf5 exf5 19. Nd5 Qc6 20. f4 Be6 $19) 18...
fxe6 19. f4 Nxd3 20. Nxe6 Bxe6 21. Qxe6+ Be7 (21... Kf8 22. Rxd3 Rd8 23. Red1
$18) 22. Rxd3 $44) (13... Be7 $6 14. g4 (14. Bf2 Nc4 15. Bxc4 Qxc4 16. g4 b4
17. Nce2 a5 18. h4 g6 19. Nb3 e5 20. Ng3 $132 {1-0 Hort-Csom/Hastings 1974 (58)
}) 14... b4 15. Nce2 d5 16. exd5 Nxd5 17. Nf4 Nf6 $2 (17... Nxe3 18. Qxe3 Nxd3
(18... Bg5 19. Nd5 $1 $16) (18... Bf6 19. Nh5 $16) 19. Rxd3 O-O 20. Nd5 $1 $14)
(17... Nc4 18. Bxc4 Qxc4 19. Nxd5 Qxd5 20. Nf5 (20. Bf4 $5 $16) 20... Qxd2 21.
Nxg7+ Kf8 22. Rxd2 Bc6 23. Nh5 Bxf3 24. h3 $14) 18. h4 $36 {1-0 Volzhin,
A-Gasimov,R/Linares 1997/CBM 58/ (33)}) (13... Qb7 14. g4 g6 15. h4 b4 16. Nce2
Nxd3 17. cxd3 e5 18. Nb3 Be6 19. d4 Bxb3 20. axb3 Nd7 21. Rc1 Be7 22. h5 $14 {
1-0 Shabalov,A-Ashley,M/World Open, Philadelphia USA 1997 (35)}) (13... Rc8 14.
g4 b4 15. Nce2 d5 16. Bf4 dxe4 17. fxe4 Nc4 18. Bxc4 Qxc4 19. Ng3 Be7 20. h4 e5
21. Bxe5 Bxg4 22. Bxf6 Bxf6 23. Ngf5 O-O 24. e5 Bxf5 25. Nxf5 Rfd8 26. Qf2 $16
{0-1 Alvir,A-Groszpeter,A/Vienna Carl Schlechter mem ,EXP 1996 (31)}) 14. Bxc4
Qxc4 15. Qd3 Rc8 16. Qxc4 Rxc4 17. Nb3 Be7 18. Bf4 e5 19. Bc1 O-O 20. Nd2 Rc7
21. Nf1 b4 22. Ne2 Be6 23. Ne3 $11 {1/2-1/2 Rogers,I-Nijboer,F/Wijk aan Zee
1995 (95)}) (13. Nce2 d5 14. Bf4 dxe4 15. Bxe4 Nxe4 16. fxe4 f6 17. Ng3 O-O-O
18. Bxe5 fxe5 19. Nf3 $14 {1/2-1/2 Klovans,J-Lerner Konstantin Z/Berlin Summer
1994 (60)}) (13. h4 b4 (13... h5 14. f4 b4 15. fxe5 (15. Nce2 Nc4 16. Bxc4 Qxc4
17. Ng3 a5 $132) 15... bxc3 16. exd6 Bxd6 17. Qxc3 Qxc3 18. bxc3 Ng4 $15 {
1/2-1/2 Miles,A-Arencibia,W/Havana 1997/CBM 59 (44) .}) 14. Nce2 d5 15. exd5
Nxd5 16. Rhe1 Nxd3 17. Qxd3 Nxe3 18. Qxe3 Bc5 19. f4 O-O 20. g3 Rfd8 $15 {
0-1 Liang Jinrong-Wang,Z/Beijing Tan Chin Cup ,CBM 1995 (46)}) (13. Qf2 b4 14.
Nce2 d5 15. Bf4 Nxd3 16. cxd3 e5 17. Rc1 Qb8 18. Bg3 Bd6 19. Nc6 Bxc6 20. Rxc6
$11) 13... b4 14. Nce2 Rb8 (14... d5 15. Bf4 (15. Ng3 Nc4 16. Qe2 (16. Bxc4
dxc4) 16... Nxe3 17. Qxe3) 15... dxe4 (15... Bd6 16. exd5 Nxd5 17. Bxe5 Bxe5
18. Be4) 16. Bxe4 Nxe4 (16... Rc8 17. Bxe5 Qxe5 18. Bb7 Rc7 19. Bxa6) 17. Qe3 (
17. fxe4 Rc8 18. b3 f6 19. h4 Qb7 20. Bxe5 fxe5 21. Nf3 Bc6 {1/2-1/2 Anand,
V-Kramnik,V/Amsterdam 1993/Inf 57/(27)} (21... Bb5 22. Nxe5 Qxe4 23. Nf4))
17... Bd6 18. Qxe4 O-O 19. Ng3 Nc4 20. Bxd6 Nxd6 $11 {0-1 Estevez Morales,
G-Geller,E/Sochi 1976 (36)}) 15. c4 $6 $15 (15. h4 Nxd3 16. cxd3 e5 17. Nb3
$132) (15. Bxa6 $2 Ra8 $2 (15... d5 $1 16. Bd3 (16. g5 hxg5 17. Bxg5 Ra8 18.
Bxf6 gxf6 19. f4 (19. Bd3 Qa7 $19 {[%csl Ra2,Rd4]}) 19... Rxa6 20. fxe5 fxe5
$19) 16... dxe4 17. Bxe4 Nxe4 18. fxe4 Nxg4 $17) 16. Bd3 Qa7 17. Nc1 $14) 15...
Bc8 $2 $14 {This pawn structure is bad for Black.} (15... bxc3 $1 {Why not
open the game in Q side?} 16. Nxc3 Nxd3 17. Qxd3 Be7 $15) 16. b3 (16. h4 Nxd3
$1 (16... d5 $2 17. Bf4 (17. cxd5 exd5 18. g5 dxe4 19. fxe4 Nfg4 20. gxh6 g6
21. Bf4 Bxh6 22. Ng3 $132) 17... dxc4 18. Bxe5 Qxe5 19. Nc6 c3 20. Qc2 Qc7 21.
Nxb8 Qxb8 22. bxc3 bxc3+ 23. Ka1 $16) (16... Bb7 $2 17. Qxb4 $1 Bxe4 18. Qa4+
Bc6 19. Nxc6 Qxc6 20. Qxc6+ Nxc6 21. Nc3 Ne5 22. Be2 Rc8 23. b3 d5 24. Bd4 Ng6
25. g5 (25. cxd5 e5 26. Bxa6 exd4 27. Bxc8 dxc3 28. Kc2 $16) 25... Nh5 26. cxd5
e5 27. Bxa6 exd4 28. Bxc8 dxc3 29. Kc2 $16) 17. Qxd3 Bb7 $14 18. b3) 16... Nfd7
(16... d5 17. Bf4 $1 Bd6 (17... dxe4 $2 18. Bxe5 Qxe5 19. Nc6 Qc7 20. Bc2 Bb7
21. Nxb8 exf3 22. Nd4 Be7 (22... Qxb8 23. Nxe6 f2 (23... fxe6 24. Bg6+ Ke7 25.
Qxb4+ $18) 24. Qe2 $18) 23. Nxe6 fxe6 24. Bg6+ Kf8 25. Nd7+ Nxd7 26. Qxd7 $18)
18. cxd5 exd5 19. Rc1 $14) 17. Ng3 Bb7 18. Bc2 Nc5 (18... Be7 19. h3 {[%cal
Gf3f4]} g5 (19... O-O 20. f4 Nc6 21. h4 Nxd4 22. Bxd4 e5 23. Be3 exf4 24. Bxf4
Ne5 25. g5 $16) 20. Rhf1 Ng6 21. Nh5 Nc5 (21... O-O 22. f4 $16) 22. Ne2 O-O 23.
Neg3 Rfd8 24. f4 d5 25. cxd5 exd5 26. e5 $14) 19. Qe2 Be7 20. h4 g6 $6 $16 (
20... Rc8 21. f4 Ned7 22. g5 $14) 21. f4 Ned7 22. h5 (22. Nf3 Rc8 23. g5 hxg5
24. hxg5 Rxh1 25. Rxh1 d5 26. Rh8+ Nf8 27. Ne5 dxc4 (27... dxe4 28. Qd2 a5 29.
Bxc5 Bxc5 30. Bxe4 $14) 28. Qxc4 Bd6 29. Bd4 Qa5 $132) 22... g5 23. fxg5 Bxg5
24. Bxg5 hxg5 25. Qe3 (25. Nf3 f6 $14) (25. h6 Rc8 26. Rdf1 Ne5 27. Nh5 Ke7 28.
Nf6 Ng6 29. h7 Nf4 30. Qh2 $1 $16) 25... f6 26. Rdf1 Ne5 27. Qe2 $2 $132 (27.
Rxf6 $1 Nxg4 28. Qxg5 Nxf6 29. Qxf6 Rf8 30. Nxe6 Rxf6 31. Nxc7+ Kd7 32. Nd5
Bxd5 33. exd5 (33. cxd5 Rh8 34. Nf5 $14) 33... Rh8 34. Nf5 Rhf8 35. h6 $16)
27... Qg7 28. Rh2 (28. h6 Qf8 (28... Rxh6 29. Ngf5 exf5 30. Nxf5 $18) 29. h7
Qe7 30. Rh6 Rxh7 (30... Ncd7 31. Nh5 Rxh7 32. Rxh7 Qxh7 33. Rxf6 $18 {[%csl
Re6]}) 31. Rhxf6 (31. Rxh7 Qxh7 32. Nh5 Ke7 33. Nxf6 Qg6 $17) 31... Kd7 $132)
28... Qh6 29. Rhf2 O-O 30. Ka1 Bc8 (30... Rbc8 $132) 31. Qd1 (31. Rd1 $132)
31... Bd7 32. Rd2 Rbd8 (32... a5 $132) 33. Qe2 Be8 34. Rg1 (34. Rfd1 a5 $132)
34... Kh8 35. Nf1 Qg7 36. Ne3 Qb7 37. Qg2 (37. Rf1 Rc8 $132) 37... a5 38. Nf3
$2 $17 (38. Rf1 $11) 38... Bc6 39. Nxe5 $2 $19 (39. Nd4 Bxe4 40. Bxe4 Qxe4 41.
Qxe4 Nxe4 42. Rh2 Rfe8 $17) 39... fxe5 40. Rf1 Rf4 41. Rfd1 (41. Rdd1 Bxe4 42.
Bxe4 Qxe4 43. Qd2 a4 $19) 41... Qe7 $6 (41... Bxe4 42. Bxe4 Nxe4 $19) 42. Qh2 (
42. Rf1 Qb7 $19) 42... Bxe4 43. Ng2 (43. Bxe4 Nxe4 $19) 43... Bxg2 $2 $17 (
43... Rxg4 44. Qh3 Bxc2 45. Rxc2 Rd4 $19) 44. Qxg2 e4 $6 (44... a4 45. bxa4
Rxc4 $17) 45. Qg1 Qf6+ 46. Kb1 Qe5 47. Re2 Rdf8 (47... a4 48. bxa4 Qc3 49. Qd4+
e5 50. Qxc3 bxc3 51. Re3 $132) 48. h6 R8f6 $2 $44 (48... Rf3 $1 49. h7 (49.
Red2 e3 50. Rxd6 e2 $19) 49... R3f4 $22 $17) 49. Rde1 $4 $19 (49. Red2 $1 a4 (
49... Kh7 50. Rxd6 Qxd6 51. Rxd6 Rf1+ 52. Qxf1 Rxf1+ 53. Kb2 Rg1 (53... Kxh6
54. Rc6 Nd3+ 55. Bxd3 exd3 56. Rxe6+ Kg7 57. Rd6 $11) 54. a3 bxa3+ 55. Kxa3
Rxg4 56. Rc6 Nd3 57. Rxe6 $11) 50. bxa4 $44) 49... a4 50. bxa4 Qc3 51. Qh1 Kh7
(51... Rf2 $19) (51... b3 52. axb3 Nxb3 53. Bxb3 Qxb3+ 54. Rb2 Qd3+ 55. Ka1 Rf8
$19) 52. Rxe4 Nxe4 $2 $17 (52... Nd3 $19) 53. Rxe4 Rf1+ $4 $18 (53... Rf3 54.
Rxe6+ Kh8 55. Re8+ Rf8 56. Rxf8+ Rxf8 57. Qd1 Qxc4 $17) (53... Kh8 $2 54. Rxf4
$18 {[%csl Gh1][%cal Gh1a8]}) 54. Re1+ Qxc2+ $8 55. Kxc2 Rxh1 56. Rxh1 Rf3 $8
57. Kb2 Rd3 58. a5 e5 59. Rh5 $2 $16 (59. Rh2 Ra3 (59... e4 60. Re2 Kxh6 61.
Rxe4 Kg6 62. a6 Kf6 63. Rd4 $1 Rxd4 64. a7 $18) (59... Rc3 60. Rc2 Ra3 61. Rd2
$18) 60. Rd2 Kxh6 61. Rxd6+ Kg7 62. Rb6 Rxa5 63. Rxb4 Ra6 64. Kb3 $18) 59...
Rc3 60. Rxg5 Kxh6 61. Rg8 Ra3 $1 (61... Rxc4 62. Kb3 Rc7 63. Kxb4 $18) 62. Rd8
$2 $11 (62. Ra8 e4 63. a6 e3 64. a7 Kg7 65. Re8 Rxa7 66. Rxe3 Kf6 67. Rf3+ $16)
62... Kg5 63. Rxd6 e4 (63... Kxg4 $1 64. a6 e4 65. c5 e3 66. c6 e2 67. Re6 Rxa6
68. Rxe2 Rxc6 69. Re4+ Kf5 70. Rxb4 Ke5 $11) (63... Rxa5 64. Rd5 Ra3 65. Rxe5+
Kxg4 66. Rb5 $16) 64. Re6 e3 65. Re4 Kh4 66. a6 Kg3 67. a7 (67. c5 Kf3 $11)
67... Kf3 68. Re7 e2 69. Rf7+ Kxg4 70. Re7 Kf3 71. Rf7+ Ke3 72. Re7+ Kd3 73.
Rd7+ Kxc4 74. Re7 Kd3 75. Rd7+ Ke3 76. Re7+ Kf2 77. Rf7+ Kg2 78. Re7 Kf1 79.
Rf7+ Ke1 80. Rd7 1/2-1/2